[Event "Nottingham Chessforce"]
[Site "Nottingham"]
[Date "1987.01.20"]
[Round "1"]
[White "Lalic, Susan Kathryn"]
[Black "Arkell, Keith C"]
[Result "0-1"]
[WhiteElo "2325"]
[BlackElo "2340"]
[PlyCount "54"]
[EventDate "1987.01.20"]
[EventType "tourn"]
[EventRounds "9"]
[EventCountry "ENG"]
[EventCategory "4"]
[SourceDate "1999.11.01"]

1. e4 g6 2. d4 Bg7 3. Nc3 d6 4. Be3 Nf6 5. Qd2 c6 6. f3 b5 7. Bh6 O-O 8. g4 e5
9. Bxg7 Kxg7 10. O-O-O Qa5 11. Kb1 b4 12. Nce2 Be6 13. b3 Qa3 14. h4 a5 15. g5
Nh5 16. Bh3 Bxh3 17. Nxh3 a4 18. f4 Na6 19. Nc1 Nc7 20. dxe5 Nb5 21. exd6 Ng3
22. Rhe1 Rfd8 23. d7 Nc3+ 24. Ka1 axb3 25. cxb3 Rxd7 26. Qc2 Nge2 27. Rd3 Rxd3
0-1

[Event "Nottingham Chessforce"]
[Site "Nottingham"]
[Date "1987.01.20"]
[Round "1"]
[White "Bryson, Douglas"]
[Black "Lawton, Geoffrey W"]
[Result "0-1"]
[WhiteElo "2310"]
[BlackElo "2385"]
[PlyCount "126"]
[EventDate "1987.01.20"]
[EventType "tourn"]
[EventRounds "9"]
[EventCountry "ENG"]
[EventCategory "4"]
[SourceDate "1999.11.01"]

1. e4 c5 2. Nf3 Nc6 3. d4 cxd4 4. Nxd4 Nf6 5. Nc3 e5 6. Ndb5 d6 7. Bg5 a6 8.
Na3 b5 9. Bxf6 gxf6 10. Nd5 f5 11. Bxb5 axb5 12. Nxb5 Ra4 13. Nbc7+ Kd7 14. O-O
Rxe4 15. Qh5 Nd4 16. Qxf7+ Kc6 17. a4 Qd7 18. Qh5 Ne2+ 19. Kh1 Nf4 20. Nxf4
Qxc7 21. Ra3 d5 22. Rc3+ Bc5 23. Nd3 Rc4 24. Qh6+ Bd6 25. Nxe5+ Kb7 26. Nxc4
dxc4 27. b3 Bf4 28. Qh3 Be6 29. bxc4 Qc6 30. Rb1+ Ka8 31. Rcb3 Bc7 32. Qc3 Rg8
33. f3 Bxc4 34. g3 f4 35. g4 Rxg4 36. Rb4 Bd5 37. Qxc6+ Bxc6 38. Rf1 Rg6 39.
Rc4 Rf6 40. Kg2 Bb6 41. h4 Rg6+ 42. Kh2 Be3 43. Rc3 Kb7 44. Rb1+ Ka6 45. Rf1
Rh6 46. Kg2 Bd5 47. Rc7 Rxh4 48. Rg7 Rh5 49. Rd1 Ka5 50. c4 Bxc4 51. Rh1 Rd5
52. Rhxh7 Rd2+ 53. Kh3 Rf2 54. Rc7 Rxf3+ 55. Kg4 Rg3+ 56. Kh4 Be6 57. Rh5+ Kb6
58. Re5 Kxc7 59. Rxe6 Rg8 60. Re4 Kd6 61. a5 Kd5 62. Re7 Bc5 63. Rf7 Rf8 0-1

[Event "Nottingham Chessforce"]
[Site "Nottingham"]
[Date "1987.01.20"]
[Round "1"]
[White "Burgess, Mark"]
[Black "Crouch, Colin"]
[Result "1-0"]
[WhiteElo "2280"]
[BlackElo "2310"]
[PlyCount "82"]
[EventDate "1987.01.20"]
[EventType "tourn"]
[EventRounds "9"]
[EventCountry "ENG"]
[EventCategory "4"]
[SourceDate "1999.11.01"]

1. Nf3 d5 2. c4 e6 3. g3 g6 4. Bg2 Bg7 5. O-O Ne7 6. cxd5 exd5 7. d4 Nbc6 8.
Nc3 O-O 9. Bf4 a6 10. Ne5 Be6 11. Qd2 Re8 12. Rfd1 Nf5 13. e4 Nfxd4 14. exd5
Nxe5 15. Bxe5 Bxe5 16. dxe6 Rxe6 17. Bxb7 c6 18. Qd3 Rb8 19. Bxa6 Rxb2 20. Rab1
Rxb1 21. Rxb1 Qa5 22. Ne4 Re8 23. Bc4 Qc7 24. Ng5 Rf8 25. a4 Qe7 26. h4 Nf5 27.
Rd1 Qb4 28. Qe4 Qe7 29. Nf3 Bb8 30. Qxe7 Nxe7 31. Rd7 Nd5 32. a5 Rc8 33. Ng5
Bc7 34. a6 Nb6 35. Bxf7+ Kh8 36. Re7 Bd6 37. Rb7 Rb8 38. Be8 Rxb7 39. axb7 Bb8
40. Bxc6 Kg7 41. Kg2 Nc4 1-0

[Event "Nottingham Chessforce"]
[Site "Nottingham"]
[Date "1987.01.20"]
[Round "1"]
[White "Karolyi, Tibor"]
[Black "Gallagher, Joseph"]
[Result "1-0"]
[WhiteElo "2420"]
[BlackElo "2340"]
[PlyCount "58"]
[EventDate "1987.01.20"]
[EventType "tourn"]
[EventRounds "9"]
[EventCountry "ENG"]
[EventCategory "4"]
[SourceDate "1999.11.01"]

1. d4 Nf6 2. c4 g6 3. Nc3 Bg7 4. e4 d6 5. f3 O-O 6. Be3 Nbd7 7. Qd2 c6 8. Rd1
e5 9. Nge2 Qe7 10. d5 c5 11. g4 Ne8 12. Ng3 a6 13. h4 b5 14. cxb5 Nb6 15. a4
axb5 16. axb5 f5 17. gxf5 gxf5 18. exf5 Bxf5 19. Be2 Bd7 20. b4 cxb4 21. Nce4
Na4 22. Qxb4 Rf4 23. Ra1 Nb6 24. Rxa8 Nxa8 25. Qa5 Bh6 26. Qxa8 Rxe4 27. Bxh6
Rb4 28. Bg5 Qf7 29. Bd2 e4 1-0

[Event "Nottingham Chessforce"]
[Site "Nottingham"]
[Date "1987.01.20"]
[Round "1"]
[White "Richmond, Peter Allan"]
[Black "Emms, John"]
[Result "0-1"]
[WhiteElo "2245"]
[BlackElo "2310"]
[PlyCount "80"]
[EventDate "1987.01.20"]
[EventType "tourn"]
[EventRounds "9"]
[EventCountry "ENG"]
[EventCategory "4"]
[SourceDate "1999.11.01"]

1. e4 e5 2. Nf3 Nf6 3. d4 Nxe4 4. dxe5 d5 5. Nbd2 Nc5 6. Nb3 Bg4 7. Be3 Ne6 8.
h3 Bh5 9. c3 Be7 10. g4 Bg6 11. Nfd4 Nxd4 12. Nxd4 O-O 13. Bd3 Bxd3 14. Qxd3
Nd7 15. Nf5 c6 16. f4 Nc5 17. Nxe7+ Qxe7 18. Bxc5 Qxc5 19. Qd4 Qb5 20. O-O-O
Rfd8 21. f5 Qb6 22. Qf4 Qc5 23. Rhf1 Re8 24. Rde1 Qf8 25. Re3 Rad8 26. Rfe1 Qc5
27. Rd3 b5 28. Kb1 Qe7 29. Rde3 d4 30. cxd4 Qb4 31. e6 f6 32. Rd1 c5 33. Qc7
cxd4 34. Qf7+ Kh8 35. e7 Rc8 36. Rc1 Rb8 37. Re6 d3 38. g5 d2 39. Rg1 Qc4 40.
gxf6 Qd3+ 0-1

[Event "Nottingham Chessforce"]
[Site "Nottingham"]
[Date "1987.01.21"]
[Round "2"]
[White "Arkell, Keith C"]
[Black "Bryson, Douglas"]
[Result "1-0"]
[WhiteElo "2340"]
[BlackElo "2310"]
[PlyCount "157"]
[EventDate "1987.01.20"]
[EventType "tourn"]
[EventRounds "9"]
[EventCountry "ENG"]
[EventCategory "4"]
[SourceDate "1999.11.01"]

1. d4 d5 2. c4 e6 3. Nc3 c6 4. cxd5 exd5 5. Qc2 g6 6. Bf4 Bf5 7. Qd2 Nf6 8. e3
Bd6 9. Bxd6 Qxd6 10. Bd3 Bxd3 11. Qxd3 O-O 12. Nf3 Nbd7 13. O-O Rfe8 14. Rab1
Re7 15. b4 a6 16. a4 b5 17. a5 Rae8 18. Ne2 Ne4 19. Rfc1 Qf6 20. Qc2 Nb8 21.
Nf4 Nd6 22. Nd3 Nc4 23. Qd1 Qf5 24. Nc5 Qc8 25. Ne1 Nd7 26. Nxd7 Rxd7 27. Nd3
Rde7 28. Nc5 f5 29. Ra1 Kg7 30. Ra2 Rf7 31. g3 Rfe7 32. Qf3 Rf7 33. Kh1 g5 34.
Re2 Kg6 35. Qg2 Kg7 36. Nd3 Kh8 37. Rce1 Rfe7 38. Qh3 Rg7 39. Qh5 Re6 40. Kg1
Rf6 41. Qh3 Rf8 42. Rc2 Re8 43. Kf1 Rg6 44. Ke2 Kg7 45. Kd1 Rh6 46. Qg2 Rhe6
47. Rce2 Re4 48. Nc5 R4e7 49. h3 Kh8 50. Qf3 Rf8 51. Kc1 Nd6 52. Nd3 Nc4 53.
Qh5 Rg7 54. Rg1 Re8 55. Ree1 Rg6 56. Rg2 Reg8 57. Qf3 Rf6 58. g4 Qf8 59. gxf5
Rxf5 60. Qe2 Nd6 61. Reg1 Ne4 62. f4 Rg6 63. Qe1 Qe7 64. Ne5 Rxe5 65. fxe5 h5
66. Rb2 Qe6 67. Qf1 Kg7 68. Qf3 Rh6 69. Rf1 Qe7 70. Rc2 Rg6 71. Rb2 Rh6 72. Kc2
Qe8 73. Kb3 Qe7 74. Rg2 Qe8 75. Qf5 Qe7 76. Qc8 Rg6 77. Rc2 g4 78. hxg4 h4 79.
Rf5 1-0

[Event "Nottingham Chessforce"]
[Site "Nottingham"]
[Date "1987.01.21"]
[Round "2"]
[White "Crouch, Colin"]
[Black "Lalic, Susan Kathryn"]
[Result "1-0"]
[WhiteElo "2310"]
[BlackElo "2325"]
[PlyCount "95"]
[EventDate "1987.01.20"]
[EventType "tourn"]
[EventRounds "9"]
[EventCountry "ENG"]
[EventCategory "4"]
[SourceDate "1999.11.01"]

1. d4 e6 2. c4 d5 3. Nf3 c5 4. cxd5 exd5 5. Bg5 f6 6. Bf4 Nc6 7. Nc3 Be6 8. e3
c4 9. Be2 Bb4 10. O-O a6 11. e4 Nge7 12. Qc2 Bxc3 13. bxc3 O-O 14. Nd2 b5 15.
Rad1 Qd7 16. Rfe1 Rad8 17. Bf3 Bg4 18. Bxg4 Qxg4 19. Bc7 Rd7 20. Bb6 f5 21. e5
f4 22. Nf3 Qe6 23. Qxh7+ Kxh7 24. Ng5+ Kg6 25. Nxe6 Rb8 26. Nc5 Rxb6 27. Nxd7
Rb7 28. Nc5 Rb6 29. Ne6 b4 30. cxb4 Nxb4 31. Nxf4+ Kf5 32. Ne2 Nxa2 33. Rb1 Rb5
34. Rxb5 axb5 35. Ra1 Nb4 36. Ra5 Ke4 37. Rxb5 Nbc6 38. e6 Kf5 39. Kf1 Kxe6 40.
Ke1 Kd6 41. Kd2 g5 42. Kc3 Kc7 43. h3 Na7 44. Ra5 Kb6 45. Rxa7 Kxa7 46. f4 gxf4
47. Nxf4 Kb6 48. h4 1-0

[Event "Nottingham Chessforce"]
[Site "Nottingham"]
[Date "1987.01.21"]
[Round "2"]
[White "Gallagher, Joseph"]
[Black "Emms, John"]
[Result "0-1"]
[WhiteElo "2340"]
[BlackElo "2310"]
[PlyCount "68"]
[EventDate "1987.01.20"]
[EventType "tourn"]
[EventRounds "9"]
[EventCountry "ENG"]
[EventCategory "4"]
[SourceDate "1999.11.01"]

1. e4 d6 2. d4 Nf6 3. Nc3 g6 4. Bc4 Bg7 5. Qe2 Nc6 6. e5 Nxd4 7. exf6 Nxe2 8.
fxg7 Rg8 9. Ngxe2 Rxg7 10. Bh6 Rg8 11. O-O-O Be6 12. Bxe6 fxe6 13. h4 Qd7 14.
Rhe1 O-O-O 15. f4 c5 16. Ng1 e5 17. Nd5 Kb8 18. fxe5 Qa4 19. Nxe7 Rge8 20. exd6
Qxh4 21. Bg7 Rxd6 22. Nf3 Rxd1+ 23. Kxd1 Rd8+ 24. Kc1 Qf4+ 25. Kb1 Qf7 26. Bh6
Re8 27. Bg5 h6 28. Bh4 g5 29. Bg3+ Ka8 30. Bd6 g4 31. Nh4 Qf6 32. Nhf5 Qxf5 33.
b4 Qf2 34. Rd1 Qe2 0-1

[Event "Nottingham Chessforce"]
[Site "Nottingham"]
[Date "1987.01.21"]
[Round "2"]
[White "Karolyi, Tibor"]
[Black "Burgess, Mark"]
[Result "1/2-1/2"]
[WhiteElo "2420"]
[BlackElo "2280"]
[PlyCount "86"]
[EventDate "1987.01.20"]
[EventType "tourn"]
[EventRounds "9"]
[EventCountry "ENG"]
[EventCategory "4"]
[SourceDate "1999.11.01"]

1. d4 Nf6 2. c4 e6 3. Nf3 Bb4+ 4. Bd2 Qe7 5. Qc2 Nc6 6. e4 Bxd2+ 7. Nbxd2 d6 8.
Be2 O-O 9. O-O a5 10. Rfc1 e5 11. d5 Nb8 12. Ne1 Nbd7 13. b3 Nc5 14. Rab1 Bd7
15. Bf3 c6 16. Nd3 Nxd3 17. Qxd3 c5 18. a3 g5 19. b4 axb4 20. axb4 b6 21. Ra1
g4 22. Bd1 Nh5 23. b5 Nf4 24. Qe3 Rfb8 25. Ra3 Qg5 26. Rca1 Rxa3 27. Rxa3 Kf8
28. Kh1 h5 29. Ra6 Ke7 30. g3 Nh3 31. Qxg5+ Nxg5 32. h4 Nh7 33. Bc2 Bc8 34.
Ra7+ Rb7 35. Ra8 Kd8 36. f3 gxf3 37. Bd1 Kc7 38. Bxf3 Nf6 39. Nf1 Rb8 40. Ra7+
Rb7 41. Ra3 Kb8 42. Ra6 Rd7 43. Ra3 Ra7 1/2-1/2

[Event "Nottingham Chessforce"]
[Site "Nottingham"]
[Date "1987.01.21"]
[Round "2"]
[White "Lawton, Geoffrey W"]
[Black "Richmond, Peter Allan"]
[Result "1/2-1/2"]
[WhiteElo "2385"]
[BlackElo "2245"]
[PlyCount "83"]
[EventDate "1987.01.20"]
[EventType "tourn"]
[EventRounds "9"]
[EventCountry "ENG"]
[EventCategory "4"]
[SourceDate "1999.11.01"]

1. e4 c5 2. Nf3 Nc6 3. Bb5 g6 4. O-O Bg7 5. Re1 e5 6. Bxc6 dxc6 7. d3 Qe7 8. a3
Bh6 9. Bxh6 Nxh6 10. Qd2 Ng8 11. Qc3 f6 12. b4 cxb4 13. axb4 Nh6 14. Na3 Nf7
15. b5 Bd7 16. bxc6 Bxc6 17. d4 O-O 18. dxe5 Nxe5 19. Nd4 Be8 20. Nab5 Bxb5 21.
Nxb5 Nc6 22. Qb3+ Kh8 23. Nc3 Qb4 24. Nd5 Qxb3 25. cxb3 Nd4 26. Reb1 a6 27. Ra4
Nb5 28. Rc1 Rac8 29. Rac4 Rxc4 30. Rxc4 Kg8 31. f3 Kf7 32. Nc7 Nd6 33. Rb4 Rc8
34. Rb6 Nxe4 35. Rxb7 Nc5 36. Ra7 Nxb3 37. Nxa6+ Kg8 38. Nc7 Rd8 39. Ne6 Re8
40. Nf4 Rd8 41. h4 Nc5 42. Rc7 1/2-1/2

[Event "Nottingham Chessforce"]
[Site "Nottingham"]
[Date "1987.01.22"]
[Round "3"]
[White "Lalic, Susan Kathryn"]
[Black "Karolyi, Tibor"]
[Result "1/2-1/2"]
[WhiteElo "2325"]
[BlackElo "2420"]
[PlyCount "29"]
[EventDate "1987.01.20"]
[EventType "tourn"]
[EventRounds "9"]
[EventCountry "ENG"]
[EventCategory "4"]
[SourceDate "1999.11.01"]

1. e4 c5 2. c3 d5 3. exd5 Qxd5 4. d4 Nf6 5. Nf3 e6 6. Bd3 cxd4 7. cxd4 Be7 8.
Nc3 Qd8 9. O-O Nc6 10. a3 a6 11. Re1 b5 12. b4 O-O 13. Bb2 Bb7 14. Rc1 Rc8 15.
Ne4 1/2-1/2

[Event "Nottingham Chessforce"]
[Site "Nottingham"]
[Date "1987.01.22"]
[Round "3"]
[White "Bryson, Douglas"]
[Black "Crouch, Colin"]
[Result "0-1"]
[WhiteElo "2310"]
[BlackElo "2310"]
[PlyCount "64"]
[EventDate "1987.01.20"]
[EventType "tourn"]
[EventRounds "9"]
[EventCountry "ENG"]
[EventCategory "4"]
[SourceDate "1999.11.01"]

1. e4 c5 2. Nf3 d6 3. d4 cxd4 4. Nxd4 Nf6 5. Nc3 Nc6 6. Bg5 e6 7. Qd2 a6 8.
O-O-O h6 9. Be3 Be7 10. f3 Nxd4 11. Bxd4 b5 12. Kb1 Qa5 13. g4 b4 14. Ne2 e5
15. Be3 Be6 16. Nc1 d5 17. Nb3 Qc7 18. g5 hxg5 19. Bxg5 dxe4 20. Bxf6 Bxf6 21.
Qxb4 exf3 22. Qe4 Rc8 23. Bxa6 Rh4 24. Qd3 e4 25. Qd2 e3 26. Qc1 e2 27. Rde1
Ra8 28. Bd3 Qe5 29. c3 Rxa2 30. Kxa2 Ra4+ 31. Kb1 Bxb3 32. Qd2 Qa5 0-1

[Event "Nottingham Chessforce"]
[Site "Nottingham"]
[Date "1987.01.22"]
[Round "3"]
[White "Burgess, Mark"]
[Black "Gallagher, Joseph"]
[Result "0-1"]
[WhiteElo "2280"]
[BlackElo "2340"]
[PlyCount "76"]
[EventDate "1987.01.20"]
[EventType "tourn"]
[EventRounds "9"]
[EventCountry "ENG"]
[EventCategory "4"]
[SourceDate "1999.11.01"]

1. Nf3 Nf6 2. c4 g6 3. g3 Bg7 4. Bg2 O-O 5. O-O d6 6. Nc3 e5 7. d3 Nc6 8. Rb1
h6 9. b4 Be6 10. b5 Ne7 11. a4 Qd7 12. Ba3 Bh3 13. c5 Bxg2 14. Kxg2 Ned5 15.
Nxd5 Nxd5 16. Qb3 dxc5 17. Bxc5 Rfe8 18. e4 Nf4+ 19. Kh1 Qh3 20. Rg1 Rad8 21.
Ne1 Ne2 22. Rg2 Nd4 23. Qc4 Qe6 24. Qxe6 Rxe6 25. f3 Bf8 26. Bxf8 Kxf8 27. Rc1
Rd7 28. Rb2 Red6 29. a5 Ne6 30. Kg2 b6 31. axb6 axb6 32. Ra2 Nc5 33. Ra8+ Ke7
34. Ra3 Rd4 35. f4 exf4 36. gxf4 Rb4 37. Kf3 Nb3 38. Rc3 Nd4+ 0-1

[Event "Nottingham Chessforce"]
[Site "Nottingham"]
[Date "1987.01.22"]
[Round "3"]
[White "Richmond, Peter Allan"]
[Black "Arkell, Keith C"]
[Result "0-1"]
[WhiteElo "2245"]
[BlackElo "2340"]
[PlyCount "144"]
[EventDate "1987.01.20"]
[EventType "tourn"]
[EventRounds "9"]
[EventCountry "ENG"]
[EventCategory "4"]
[SourceDate "1999.11.01"]

1. e4 c6 2. d4 d5 3. Nc3 dxe4 4. Nxe4 Nd7 5. Nf3 Ngf6 6. Nxf6+ Nxf6 7. Ne5 Be6
8. c3 g6 9. Bd3 Bg7 10. Bf4 O-O 11. Qd2 Qb6 12. Nc4 Bxc4 13. Bxc4 Nd5 14. Bxd5
cxd5 15. O-O Rfc8 16. Rfe1 e6 17. Be5 Qd8 18. Bxg7 Kxg7 19. Re3 Qg5 20. Rae1 b5
21. Qe2 Rab8 22. Rg3 Qd8 23. Rh3 Kg8 24. a3 a5 25. b4 axb4 26. axb4 Rc4 27. Qe5
Ra8 28. g4 Qf8 29. Ree3 Qg7 30. Qxg7+ Kxg7 31. g5 Ra1+ 32. Kg2 Rc1 33. Rhf3 Rc7
34. Rd3 h6 35. h4 Ra7 36. Kg3 h5 37. Kf4 Kf8 38. Rh3 Ra2 39. Kg3 Rg1+ 40. Kh2
Rf1 41. Rhf3 Rfxf2+ 42. Rxf2 Rxf2+ 43. Kg3 Rf1 44. Rd2 Rg1+ 45. Kh3 Re1 46. Rd3
Rf1 47. Kg2 Rf5 48. Re3 Ke7 49. Re1 f6 50. gxf6+ Kxf6 51. Ra1 Rf4 52. Ra5 Rg4+
53. Kf2 Rxh4 54. Rxb5 Rh2+ 55. Kg3 Rb2 56. Rb8 g5 57. Rf8+ Kg6 58. Rg8+ Kf5 59.
Rf8+ Ke4 60. Rf6 Kd3 61. Rxe6 Kxc3 62. Re5 h4+ 63. Kf3 Kxd4 64. Rxg5 Rxb4 65.
Rh5 Rb3+ 66. Ke2 Rb2+ 67. Kf1 Rh2 68. Kg1 Rh3 69. Kg2 Rg3+ 70. Kf2 Rg4 71. Ke2
Ke4 72. Rh8 Rf4 0-1

[Event "Nottingham Chessforce"]
[Site "Nottingham"]
[Date "1987.01.23"]
[Round "4"]
[White "Arkell, Keith C"]
[Black "Emms, John"]
[Result "1-0"]
[WhiteElo "2340"]
[BlackElo "2310"]
[PlyCount "161"]
[EventDate "1987.01.20"]
[EventType "tourn"]
[EventRounds "9"]
[EventCountry "ENG"]
[EventCategory "4"]
[SourceDate "1999.11.01"]

1. d4 Nf6 2. Nf3 b6 3. c4 e6 4. g3 Ba6 5. b3 Bb7 6. Bg2 Bb4+ 7. Bd2 a5 8. O-O
O-O 9. Bf4 a4 10. bxa4 d6 11. Qb3 Na6 12. a3 Ba5 13. Nc3 Bxc3 14. Qxc3 Nb8 15.
Bg5 Nbd7 16. Qd2 Bc6 17. Ne1 Bxa4 18. Qb2 Ra5 19. Bd2 Ra7 20. Nd3 c5 21. Rfb1
Qc7 22. Bg5 cxd4 23. Bxf6 Nxf6 24. Qxd4 Nd7 25. Rb2 Rc8 26. Rd2 Bc6 27. Bxc6
Qxc6 28. Nb2 d5 29. cxd5 exd5 30. Qxd5 Qxd5 31. Rxd5 Rc2 32. Rad1 Nf8 33. Rb5
Rxa3 34. Rd8 Ra2 35. Nd3 g6 36. Rxb6 Kg7 37. Nf4 Rab2 38. Rxb2 Rxb2 39. h4 h5
40. Re8 Rb7 41. Kg2 Nh7 42. Ra8 Nf6 43. f3 Ng8 44. Nd5 Nf6 45. Nf4 Ng8 46. Kf2
Nh6 47. e4 Rb2+ 48. Ke3 Rb7 49. Ra3 Ng8 50. Nd3 Nf6 51. Nc5 Rb5 52. Nd3 Rb7 53.
Ne5 Nd7 54. Nc6 Rc7 55. Nb4 Rb7 56. Nd5 Rb1 57. Rc3 Rd1 58. Nf4 Rb1 59. Nd3 Rb7
60. Kd4 Nf8 61. Ra3 Nd7 62. e5 Nf8 63. Ke4 Ne6 64. Rc3 Ra7 65. Rc4 Kh7 66. Rb4
Rc7 67. Nf4 Nxf4 68. gxf4 Rc1 69. f5 Rh1 70. Rb7 Kg8 71. Rb8+ Kh7 72. f6 Rxh4+
73. Ke3 Rh1 74. Rf8 h4 75. Rxf7+ Kh8 76. Re7 h3 77. Re8+ Kh7 78. f7 Re1+ 79.
Kf4 g5+ 80. Kg3 Rg1+ 81. Kxh3 1-0

[Event "Nottingham Chessforce"]
[Site "Nottingham"]
[Date "1987.01.23"]
[Round "4"]
[White "Burgess, Mark"]
[Black "Lalic, Susan Kathryn"]
[Result "0-1"]
[WhiteElo "2280"]
[BlackElo "2325"]
[PlyCount "132"]
[EventDate "1987.01.20"]
[EventType "tourn"]
[EventRounds "9"]
[EventCountry "ENG"]
[EventCategory "4"]
[SourceDate "1999.11.01"]

1. Nf3 e6 2. c4 d5 3. g3 Nf6 4. Bg2 c5 5. O-O Nc6 6. b3 Be7 7. Bb2 O-O 8. e3 b6
9. Nc3 dxc4 10. bxc4 Bb7 11. d3 Rc8 12. Qe2 Rc7 13. Rfd1 Rd7 14. Nb5 Qb8 15.
Rab1 Rfd8 16. a3 Ne8 17. e4 Qa8 18. Rd2 Bf6 19. h4 Bxb2 20. Rbxb2 Nc7 21. Qe3
Qb8 22. Nc3 Nd4 23. Ne5 Re7 24. f4 Ne8 25. g4 f6 26. Nf3 Red7 27. g5 fxg5 28.
hxg5 Nxf3+ 29. Bxf3 Rf7 30. Bg4 Bc8 31. e5 Qb7 32. Ne4 Qd7 33. Bh5 g6 34. Bg4
Qd4 35. Qxd4 Rxd4 36. Rf2 Rxd3 37. Nf6+ Nxf6 38. exf6 h5 39. gxh6 Rxf6 40. Be2
Rd4 41. Kg2 Kh7 42. Kg3 Ba6 43. Rc2 Kxh6 44. Rc3 Kg7 45. Bd3 Rf8 46. Re2 Rfxf4
47. Rxe6 Rg4+ 48. Kf2 Bxc4 49. Bxc4 Rxc4 50. Re7+ Kf6 51. Rxc4 Rxc4 52. Rxa7
Rc3 53. Ra6 Rb3 54. a4 Kf5 55. a5 bxa5 56. Rxa5 Rc3 57. Ra6 g5 58. Rc6 Kg4 59.
Rc8 Rf3+ 60. Kg2 Rf5 61. Rc7 Kf4 62. Kf2 Ke4+ 63. Ke2 Kd4 64. Kd2 Rf2+ 65. Kd1
Rg2 66. Rd7+ Kc3 0-1

[Event "Nottingham Chessforce"]
[Site "Nottingham"]
[Date "1987.01.23"]
[Round "4"]
[White "Crouch, Colin"]
[Black "Richmond, Peter Allan"]
[Result "0-1"]
[WhiteElo "2310"]
[BlackElo "2245"]
[PlyCount "80"]
[EventDate "1987.01.20"]
[EventType "tourn"]
[EventRounds "9"]
[EventCountry "ENG"]
[EventCategory "4"]
[SourceDate "1999.11.01"]

1. d4 d5 2. Nf3 Nf6 3. c4 c6 4. Nc3 e6 5. Bg5 dxc4 6. e4 b5 7. e5 h6 8. Bh4 g5
9. exf6 gxh4 10. Ne5 Qxf6 11. a4 Bb7 12. Be2 Nd7 13. Nxd7 Kxd7 14. Bf3 a6 15.
axb5 axb5 16. Rxa8 Bxa8 17. Qa1 Bb4 18. Qa7+ Kd6 19. O-O Bxc3 20. Qc5+ Kc7 21.
Ra1 Bb7 22. Ra7 e5 23. bxc3 exd4 24. Bxc6 Qxc6 25. Qe5+ Kb6 26. Qxd4+ Kc7 27.
Qe5+ Kd7 28. Qd4+ Kc7 29. Qe5+ Kd7 30. Qd4+ Ke6 31. Rxb7 Qxb7 32. Qxh8 Qd5 33.
Qxh6+ Kd7 34. Qc1 Qd3 35. f3 b4 36. cxb4 c3 37. Kf2 Kc6 38. Qe1 c2 39. Qe8+ Kd5
40. Qxf7+ Kd4 0-1

[Event "Nottingham Chessforce"]
[Site "Nottingham"]
[Date "1987.01.23"]
[Round "4"]
[White "Gallagher, Joseph"]
[Black "Lawton, Geoffrey W"]
[Result "1/2-1/2"]
[WhiteElo "2340"]
[BlackElo "2385"]
[PlyCount "137"]
[EventDate "1987.01.20"]
[EventType "tourn"]
[EventRounds "9"]
[EventCountry "ENG"]
[EventCategory "4"]
[SourceDate "1999.11.01"]

1. e4 c5 2. Nf3 Nc6 3. d4 cxd4 4. Nxd4 Nf6 5. Nc3 e6 6. Ndb5 d6 7. Bf4 e5 8.
Bg5 a6 9. Na3 b5 10. Nd5 Be7 11. Bxf6 Bxf6 12. c3 Ne7 13. Nxf6+ gxf6 14. Qf3 f5
15. exf5 Bxf5 16. Bd3 Be6 17. O-O O-O 18. c4 bxc4 19. Bxc4 d5 20. Rfd1 Qc7 21.
Bb3 f6 22. Nc2 Rad8 23. Ne3 Qd6 24. Rd2 Kg7 25. Bxd5 Nxd5 26. Rad1 Qb6 27. Nxd5
Rxd5 28. Rxd5 Bxd5 29. Qxd5 Qxb2 30. Qd7+ Rf7 31. Qg4+ Kh6 32. Qc4 Qb7 33. h3
e4 34. Qc1+ Kg7 35. Qf4 Re7 36. Rd6 Qb2 37. Qg4+ Kf7 38. Qh5+ Kg7 39. Qg4+ Kf7
40. Rxa6 Qa1+ 41. Kh2 Qe5+ 42. Qg3 Qxg3+ 43. Kxg3 e3 44. fxe3 Rxe3+ 45. Kf4 Re2
46. Kf3 Rc2 47. a4 Rc3+ 48. Kf2 Rc2+ 49. Kg3 Rc3+ 50. Kh2 Ra3 51. Ra8 Kg7 52.
a5 h5 53. a6 Kh7 54. Kg1 Ra2 55. Kf1 Kg7 56. a7 Kh7 57. Ke1 Kg7 58. Kd1 Kh7 59.
Kc1 Kg7 60. Kb1 Ra4 61. Kb2 Ra5 62. Kb3 Ra1 63. Kc4 Rc1+ 64. Kd5 Ra1 65. Ke6
Re1+ 66. Kf5 Rf1+ 67. Ke4 Re1+ 68. Kf4 Ra1 69. Kg3 1/2-1/2

[Event "Nottingham Chessforce"]
[Site "Nottingham"]
[Date "1987.01.23"]
[Round "4"]
[White "Karolyi, Tibor"]
[Black "Bryson, Douglas"]
[Result "1-0"]
[WhiteElo "2420"]
[BlackElo "2310"]
[PlyCount "129"]
[EventDate "1987.01.20"]
[EventType "tourn"]
[EventRounds "9"]
[EventCountry "ENG"]
[EventCategory "4"]
[SourceDate "1999.11.01"]

1. d4 d5 2. c4 e6 3. Nc3 c6 4. e3 Nf6 5. Nf3 Nbd7 6. Be2 dxc4 7. a4 Bd6 8. Nd2
O-O 9. Nxc4 Bc7 10. f4 c5 11. dxc5 Nxc5 12. Qc2 Nd5 13. O-O Nb4 14. Qb1 Bd7 15.
b3 Bc6 16. Ba3 a5 17. Bf3 Qe7 18. Bxc6 bxc6 19. Bxb4 axb4 20. Ne4 Rad8 21. Qc2
Rd5 22. Nf2 Rh5 23. g3 e5 24. Rac1 exf4 25. exf4 Ne6 26. Qe4 Qf6 27. Rcd1 Qc3
28. Rd3 Nc5 29. Rxc3 Nxe4 30. Rc2 Nc3 31. Nd1 Nd5 32. Re1 Rh6 33. Kg2 Rd8 34.
Kf3 Kf8 35. Rd2 Nb6 36. Rxd8+ Bxd8 37. Nxb6 Bxb6 38. Re2 Rd6 39. Nb2 Rd8 40. h3
Bd4 41. Rd2 Ke7 42. Nc4 c5 43. g4 Ra8 44. Ke4 Ra6 45. Kd5 Kd7 46. Ne5+ Kc7 47.
Nxf7 Rf6 48. Ng5 Be3 49. Re2 Bxf4 50. Ne6+ Kb6 51. Nxc5 Rd6+ 52. Kc4 Rc6 53.
a5+ Kxa5 54. Ra2+ Kb6 55. Ra6+ Kc7 56. Kd5 Rxa6 57. Nxa6+ Kd7 58. Nxb4 Ke7 59.
Nd3 Bg3 60. b4 Kf6 61. Nc5 Kg6 62. b5 h5 63. b6 hxg4 64. hxg4 Bh2 65. Ke4 1-0

[Event "Nottingham Chessforce"]
[Site "Nottingham"]
[Date "1987.01.24"]
[Round "5"]
[White "Lalic, Susan Kathryn"]
[Black "Gallagher, Joseph"]
[Result "0-1"]
[WhiteElo "2325"]
[BlackElo "2340"]
[PlyCount "72"]
[EventDate "1987.01.20"]
[EventType "tourn"]
[EventRounds "9"]
[EventCountry "ENG"]
[EventCategory "4"]
[SourceDate "1999.11.01"]

1. e4 c5 2. c3 Nf6 3. e5 Nd5 4. d4 cxd4 5. Nf3 e6 6. cxd4 b6 7. Bd3 Bb7 8. O-O
Be7 9. Nbd2 f5 10. exf6 Nxf6 11. Ng5 O-O 12. Nde4 Nxe4 13. Nxe4 Nc6 14. Qh5 g6
15. Qg4 Nb4 16. Bb1 Rf7 17. Bh6 Nd5 18. h4 Nf6 19. Nxf6+ Bxf6 20. Bd3 Kh8 21.
g3 Qe7 22. Be4 Bxe4 23. Qxe4 d5 24. Qg4 Bg7 25. Bg5 Qd7 26. Rfe1 Raf8 27. Be3
Rf5 28. Rac1 Qf7 29. Rc2 e5 30. dxe5 Rxe5 31. Rd1 Re4 32. Qg5 d4 33. Bf4 h6 34.
Qg4 Rfe8 35. Rc7 Qxc7 36. Qxg6 Qb7 0-1

[Event "Nottingham Chessforce"]
[Site "Nottingham"]
[Date "1987.01.24"]
[Round "5"]
[White "Bryson, Douglas"]
[Black "Burgess, Mark"]
[Result "1-0"]
[WhiteElo "2310"]
[BlackElo "2280"]
[PlyCount "47"]
[EventDate "1987.01.20"]
[EventType "tourn"]
[EventRounds "9"]
[EventCountry "ENG"]
[EventCategory "4"]
[SourceDate "1999.11.01"]

1. e4 c6 2. d4 d5 3. exd5 cxd5 4. c4 Nf6 5. Nc3 Nc6 6. Nf3 Bg4 7. cxd5 Nxd5 8.
Qb3 Bxf3 9. gxf3 Nb6 10. d5 Nd4 11. Bb5+ Nxb5 12. Nxb5 Nd7 13. Bf4 Rc8 14. O-O
a6 15. Na7 Nc5 16. Qc4 Ra8 17. Rfe1 Qb6 18. Rac1 Qg6+ 19. Bg3 e6 20. dxe6 fxe6
21. b4 b5 22. Nxb5 axb5 23. Qxb5+ Nd7 24. Qc6 1-0